| 000 -LEADER |
| fixed length control field |
00787cam a2200277 a 4500 |
| 001 - CONTROL NUMBER |
| control field |
4732369 |
| 003 - CONTROL NUMBER IDENTIFIER |
| control field |
OSt |
| 005 - DATE AND TIME OF LATEST TRANSACTION |
| control field |
20180103031723.0 |
| 008 - FIXED-LENGTH DATA ELEMENTS--GENERAL INFORMATION |
| fixed length control field |
840525s1984 nyu b 001 0 eng |
| 010 ## - LIBRARY OF CONGRESS CONTROL NUMBER |
| LC control number |
84010612 |
| 020 ## - INTERNATIONAL STANDARD BOOK NUMBER |
| International Standard Book Number |
067145482X |
| 040 ## - CATALOGING SOURCE |
| Original cataloging agency |
DLC |
| Transcribing agency |
DLC |
| Modifying agency |
DLC |
| 043 ## - GEOGRAPHIC AREA CODE |
| Geographic area code |
n-us--- |
| 050 00 - |
| -- |
338.04 |
| -- |
.G54 1984 |
| 082 00 - DEWEY DECIMAL CLASSIFICATION NUMBER |
| Classification number |
338.04 GIL |
| Edition number |
19 |
| 100 1# - Rafti |
| Rafti |
Gilder, George F., |
| 100 1# - Rafti |
| -- |
1939- |
| 245 14 - TITLE STATEMENT |
| Title |
The spirit of enterprise / |
| Statement of responsibility, etc |
George Gilder. |
| 260 ## - |
| -- |
New York : |
| -- |
Simon and Schuster, |
| -- |
c1984. |
| 300 ## - |
| -- |
274 p. ; |
| -- |
25 cm. |
| 500 ## - |
| -- |
Includes index. |
| 504 ## - BIBLIOGRAPHY, ETC. NOTE |
| Bibliography, etc |
Bibliography: p. 259-265. |
| 650 #0 - |
| -- |
Entrepreneurship. |
| 650 #0 - |
| -- |
Capitalists and financiers |
| -- |
United States. |
| 906 ## - LOCAL DATA ELEMENT F, LDF (RLIN) |
| a |
7 |
| b |
cbc |
| c |
orignew |
| d |
1 |
| e |
ocip |
| f |
19 |
| g |
y-gencatlg |
| 942 ## - ADDED ENTRY ELEMENTS (KOHA) |
| Source of classification or shelving scheme |
|
| Item type |
Books |